[Event "God Szob"]
[Site "God Szob"]
[Date "2020.02.09"]
[Round "1"]
[White "Maisztorovics, Peter"]
[Black "Labancz, Janos"]
[Result "1-0"]
[WhiteElo "1604"]
[BlackElo "1645"]
[PlyCount "51"]
[EventDate "2020.02.09"]
[EventType "swiss"]
[EventRounds "2"]
[EventCountry "HUN"]
[SourceTitle "EXT 2025"]
[Source "ChessBase"]
[SourceDate "2024.10.14"]
[SourceVersion "1"]
[SourceVersionDate "2024.10.14"]
[SourceQuality "1"]

1. e4 e5 2. Nf3 Nc6 3. Bc4 d6 4. d4 Na5 5. Bb5+ c6 6. Be2 d5 7. b4 Nc4 8. Bxc4 dxc4 9. Nxe5 Qe7 10. 0-0 Qe6 11. c3 Bd6 12. Nf3 f6 13. e5 Be7 14. exf6 Nxf6 15. Re1 Qd6 16. Qe2 Bg4 17. b5 Nd5 18. Ba3 Qf6 19. Bxe7 Nxe7 20. bxc6 bxc6 21. Nbd2 Kd8 22. Qxc4 Nd5 23. Ne5 Bd7 24. Ne4 Qe6 25. Nc5 Qe8 26. Nxc6+ 1-0

[Event "Budapest-chT1 Lilienthal 1213"]
[Site "Budapest"]
[Date "2013.03.10"]
[Round "9"]
[White "Maisztorovics, Peter"]
[Black "Potari, Adrian"]
[Result "0-1"]
[WhiteElo "1700"]
[BlackElo "2017"]
[PlyCount "74"]
[EventDate "2012.09.30"]
[EventType "team-tourn"]
[EventRounds "11"]
[EventCountry "HUN"]
[SourceTitle "EXT 2019"]
[Source "ChessBase"]
[SourceDate "2018.10.10"]
[SourceVersion "1"]
[SourceVersionDate "2018.10.10"]
[SourceQuality "1"]
[WhiteTeam "Budapest REAC SISE"]
[BlackTeam "Budapest EAC"]
[WhiteTeamCountry "HUN"]
[BlackTeamCountry "HUN"]

1. e4 c5 2. Nf3 Nc6 3. b3 d6 4. Bb2 Nf6 5. Nc3 g6 6. Nd5 Bg7 7. Nxf6+ Bxf6 8. Bxf6 exf6 9. Bb5 Bg4 10. h3 Bxf3 11. Qxf3 0-0 12. Bxc6 bxc6 13. 0-0 Kg7 14. Rad1 d5 15. exd5 cxd5 16. d4 c4 17. Rfe1 cxb3 18. axb3 Rc8 19. Rc1 Qd6 20. Qd3 Rfd8 21. Ra1 Rd7 22. Ra6 Rc6 23. Rea1 Rxa6 24. Rxa6 Qf4 25. g3 Qc1+ 26. Kg2 Re7 27. Qf3 f5 28. Qxd5 Re1 29. Kh2 Qxc2 30. Qf3 Re4 31. Rxa7 Rxd4 32. Kg2 Re4 33. Rd7 h5 34. g4 hxg4 35. hxg4 Rxg4+ 36. Kh3 Qc1 37. Rd1 Qh6# 0-1